000 00733nam a2200265Ia 4500
001 Para_7493
003 CHAP
008 220125s1970 xx 000 0 und d
010 _a206380
040 _cCHAP
082 _aPA-C 632.58 G8
100 _aGuell, Francisco
_951098
245 _aMalas hierbas; diccionario clasificatorio ilustrado /
_c por Francisco Guell
260 _aBarcelona :
_b Oikos-tau
300 _a217 p.
440 _aTratado de especialización
_9172679
650 _aMalas hierbas
_x diccionarios
_970015
901 _aPA-C 632.58 G8
902 _aA
905 _a0000001970 a 0000000000 00
910 _a1970
942 _cPARA
942 _cPARA
_d1
999 _c206380
_d206380